| 000 | 00702nam a22002057a 4500 | ||
|---|---|---|---|
| 003 | OSt | ||
| 005 | 20260610154935.0 | ||
| 008 | 260610b |||||||| |||| 00| 0 eng d | ||
| 020 | _a9781416611134 | ||
| 040 | _cChuka University Library | ||
| 050 | _aLB 1025.3 .R2 2011 | ||
| 100 |
_aRajagopal, Kadhir _928458 |
||
| 245 |
_aCreate Success! _bUnlocking the Potential of Urban Students |
||
| 260 |
_aVirginia _bASCD _c2011 |
||
| 300 |
_aVarious Paging _bBibliographical References, Illustrations |
||
| 650 |
_aEffective Teaching-United States _927675 |
||
| 650 |
_aUrban Youth-Education-United States _928459 |
||
| 650 |
_aStudents With Disabilities-Education-United States _928460 |
||
| 942 |
_2lcc _cBK _n0 |
||
| 999 |
_c23922 _d23922 |
||